01294nam a2200301 u 450000100070000000500170000700800410002403500110006504000130007604100080008908200080009710000480010524500960015326000430024930000220029265000330031465000610034765000370040865000330044565000320047865000370051065000330054770000540058094200100063499900190064450001650066395201640082871543020260506092912.0020122s2001 ||||||m| spa  a715430 ccomduadb aspa 4a62810aPabon Palacio, Olga Lucia4auteaut934883110aPropuesta de soluciones de ingenieria a los problemas ambientales en la hacienda La Montana aMedellín :b[sin publicador],c2001. a64h. : il, planos aProblemas ambientales932243 aHacienda la Montaña (San Pedro de los Milagros)988166 7aGestión ambiental2lemb936466 7aCalidad del agua2lemb92118 aSaneamiento ambiental93091 aPotabilización del agua958420 7aAguas residuales2dcs92820310aPeñuela Mesa, Gustavo Antonio4drtedrt9479215 cTESIS c238573d238573 aTesis (Ingeniero Sanitario y Ambiental) Universidad de Antioquia. Facultad de Ingeniería. Departamento de Ingeniería Sanitaria - Título del grado otorgado 001040708TESISBCaBCbBCd2002-01-22eMaterial adquirido por donacióniC719479l0o628.168 P112p61000002066617r2023-04-24 00:00:00t1w2023-04-24yTESIS